C#: (Record no. 186206)
[ view plain ]
| 000 -LEADER | |
|---|---|
| fixed length control field | 00858nam a2200265Ia 4500 |
| 003 - CONTROL NUMBER IDENTIFIER | |
| control field | OSt |
| 005 - DATE AND TIME OF LATEST TRANSACTION | |
| control field | 20241001150259.0 |
| 008 - FIXED-LENGTH DATA ELEMENTS--GENERAL INFORMATION | |
| fixed length control field | 210716s2002 xx 000 0 und d |
| 020 ## - INTERNATIONAL STANDARD BOOK NUMBER | |
| International Standard Book Number | 8120320301 |
| 040 ## - CATALOGING SOURCE | |
| Transcribing agency | AIMIT LIBRARY |
| 041 ## - LANGUAGE CODE | |
| Language code of text/sound track or separate title | eng |
| 082 ## - DEWEY DECIMAL CLASSIFICATION NUMBER | |
| Classification number | 005.1332 |
| Item number | AROG |
| 100 ## - MAIN ENTRY--PERSONAL NAME | |
| Personal name | Arora, Geetanjali. |
| 9 (RLIN) | 181091 |
| 245 ## - TITLE STATEMENT | |
| Title | C#: |
| Remainder of title | professional projects / |
| Statement of responsibility, etc. | By Geetanjali Arora...[et.al]. |
| 250 ## - EDITION STATEMENT | |
| Edition statement | 1st ed. |
| 260 ## - PUBLICATION, DISTRIBUTION, ETC. | |
| Place of publication, distribution, etc. | New Delhi : |
| Name of publisher, distributor, etc. | Prentice Hall of India PVt Ltd ; |
| Date of publication, distribution, etc. | 2002. |
| 300 ## - PHYSICAL DESCRIPTION | |
| Extent | xxxii,919p. ; |
| Other physical details | PB |
| Dimensions | 24 cm. |
| 650 ## - SUBJECT ADDED ENTRY--TOPICAL TERM | |
| Topical term or geographic name entry element | Creating a customer maintenance project |
| 9 (RLIN) | 181092 |
| 650 ## - SUBJECT ADDED ENTRY--TOPICAL TERM | |
| Topical term or geographic name entry element | Creating a mobile application |
| 9 (RLIN) | 181093 |
| 650 ## - SUBJECT ADDED ENTRY--TOPICAL TERM | |
| Topical term or geographic name entry element | Validations and exception handling |
| 9 (RLIN) | 181094 |
| 700 ## - ADDED ENTRY--PERSONAL NAME | |
| Personal name | Balasubramaniam. |
| 9 (RLIN) | 181095 |
| 700 ## - ADDED ENTRY--PERSONAL NAME | |
| Personal name | Aiaswamy |
| 9 (RLIN) | 181096 |
| 700 ## - ADDED ENTRY--PERSONAL NAME | |
| Personal name | Pandey, Nitin. |
| 9 (RLIN) | 181097 |
| 942 ## - ADDED ENTRY ELEMENTS (KOHA) | |
| Source of classification or shelving scheme | Dewey Decimal Classification |
| Koha item type | Book |
| Edition | 1st ed. |
| Call number prefix | 005.1332 AROG |
| Withdrawn status | Lost status | Source of classification or shelving scheme | Damaged status | Not for loan | Collection code | Home library | Current library | Source of acquisition | Cost, normal purchase price | Inventory number | Total Checkouts | Full call number | Barcode | Date last seen | Cost, replacement price | Price effective from | Koha item type |
|---|---|---|---|---|---|---|---|---|---|---|---|---|---|---|---|---|---|
| Dewey Decimal Classification | MCA | St Aloysius Institute of Management & Information Technology | St Aloysius Institute of Management & Information Technology | Book World | 450.00 | Bill no:2888; Bill dt:2004-03-25 | 005.1332 AROG | MCA05714 | 07/21/2025 | 450.00 | 07/16/2021 | Book |